000 00295nam a22001337a 4500
008 181102b xxu||||| |||| 00| 0 eng d
020 _a00700377183
041 _aeng
080 _a370
100 _a47
101 _aedu
245 _aLogicThe Elements Of Logic
_cBraker.SF
942 _2udc
_cBK
999 _c51599
_d51599